000 00746nam a2200217Ia 4500
003 OSt
005 20260205152631.0
008 220923b |||||||| |||| 00| 0 eng d
037 _cGeneral Book
040 _aRTL
_cRTL
_beng
041 _2eng
_aeng
084 _aX:8N91 , L7
_qRTL
100 _aAllen Richard K.
_9125926
245 0 _aOrganizational Management Through Communication
260 _aNew York
_bHarper and Row USA
_c1977
300 _ax , 309 p. : Biblliography : 301-306Index : 307-309 P.
_bIncludes bibliographical references and index
500 _aBib p 301-06; Appendix p 295-300
650 _aPublic Relation Management
_91113987
942 _hX:8N91 , L7
_cGB
_2CC
_n0
999 _c625304
_d625304